000 00262nam a22001217a 4500
008 170615b xxu||||| |||| 00| 0 eng d
041 _aeng
080 _a32
100 _a19
101 _aSHP
245 _aTHE PROMISE OF POLITICS
_cKARIEL,H,S
942 _2udc
_cBK
999 _c17591
_d17591